| 000 | 00362nam a2200133 a 4500 | ||
|---|---|---|---|
| 005 | 20140414131856.0 | ||
| 008 | 100828s19uu xx 00 eng d | ||
| 050 |
_aFIL _bM92 1989 |
||
| 100 | _a | ||
| 245 |
_aMunting sinag-araw : _bAno ang naitutulong ng sikat ng araw?. |
||
| 260 |
_aManila, Philippines : _bAdarna, _c1981. |
||
| 999 |
_c110450 _d110450 |
||